Paroles - Rien que pour toi - François Feldman - Statistiques

Statistiques générales
  • Ce quiz a été pris 5 fois
  • Le résultat moyen est 74 sur 188
Statistiques - réponses
Hint PAROLES % Correct
REFRAIN (partie 1) aimerai
75%
REFRAIN (partie 2) armées
75%
REFRAIN (partie 1) autre
75%
REFRAIN (partie 1) avec
75%
REFRAIN (partie 1) Babel
75%
REFRAIN (partie 1) belle
75%
REFRAIN (partie 2) ciel
75%
REFRAIN (partie 1) construirai
75%
REFRAIN (partie 1) de
75%
REFRAIN (partie 2) de
75%
REFRAIN (partie 2) déchirerai
75%
REFRAIN (partie 2) défierai
75%
REFRAIN (partie 2) des
75%
REFRAIN (partie 2) des
75%
REFRAIN (partie 2) dieux
75%
REFRAIN (partie 1) du
75%
REFRAIN (partie 2) et
75%
REFRAIN (partie 2) éternelle
75%
REFRAIN (partie 2) fassent
75%
REFRAIN (partie 1) feu
75%
REFRAIN (partie 1) fort
75%
REFRAIN (partie 2) foules
75%
REFRAIN (partie 1) graverai
75%
REFRAIN (partie 2) ils
75%
REFRAIN (partie 2) J'
75%
Couplet 2 J'
75%
Couplet 1 Je
75%
REFRAIN (partie 1) Je
75%
REFRAIN (partie 1) Je
75%
REFRAIN (partie 1) Je
75%
REFRAIN (partie 2) Je
75%
REFRAIN (partie 2) je
75%
REFRAIN (partie 2) Je
75%
REFRAIN (partie 2) l'
75%
REFRAIN (partie 1) la
75%
REFRAIN (partie 1) le
75%
REFRAIN (partie 2) le
75%
REFRAIN (partie 2) les
75%
REFRAIN (partie 2) lèverai
75%
REFRAIN (partie 1) nom
75%
REFRAIN (partie 2) océan
75%
REFRAIN (partie 1) Oui
75%
REFRAIN (partie 2) Oui
75%
REFRAIN (partie 2) ouvrirai
75%
REFRAIN (partie 1) plus
75%
REFRAIN (partie 1) pour
75%
REFRAIN (partie 1) pour
75%
REFRAIN (partie 1) pour
75%
REFRAIN (partie 2) pour
75%
REFRAIN (partie 2) pour
75%
REFRAIN (partie 2) pour
75%
REFRAIN (partie 2) qu'
75%
REFRAIN (partie 1) que
75%
REFRAIN (partie 1) que
75%
REFRAIN (partie 2) que
75%
REFRAIN (partie 2) rebelles
75%
REFRAIN (partie 1) rien
75%
REFRAIN (partie 2) rien
75%
REFRAIN (partie 1) seras
75%
REFRAIN (partie 1) si
75%
REFRAIN (partie 1) soleil
75%
REFRAIN (partie 1) t'
75%
REFRAIN (partie 2) te
75%
REFRAIN (partie 1) toi
75%
REFRAIN (partie 1) toi
75%
REFRAIN (partie 1) toi
75%
REFRAIN (partie 2) toi
75%
REFRAIN (partie 2) toi
75%
REFRAIN (partie 1) ton
75%
REFRAIN (partie 1) tour
75%
REFRAIN (partie 1) tu
75%
REFRAIN (partie 1) une
75%
Couplet 2 aiguiserai
25%
Couplet 2 aimerai
25%
Couplet 2 amour
25%
Couplet 1 autour
25%
Couplet 1 bras
25%
Couplet 2 ça
25%
Couplet 1 cercles
25%
Couplet 2 chaque
25%
Couplet 1,5 chavires
25%
Couplet 2 comme
25%
Couplet 2 comme
25%
Couplet 2 corps
25%
Couplet 2 couteau
25%
Couplet 2 d'
25%
Couplet 1 dans
25%
Couplet 1 de
25%
Couplet 1 de
25%
Couplet 1,5 de
25%
Couplet 2 de
25%
Couplet 1 démons
25%
Couplet 1 des
25%
Couplet 1 éloigner
25%
Couplet 1,5 empêcherai
25%
Couplet 1,5 enlever
25%
Couplet 1 et
25%
Couplet 1,5 ferai
25%
Couplet 1,5 ferai
25%
Couplet 2 grain
25%
Couplet 1,5 importe
25%
Couplet 2 inventerai
25%
Couplet 1 J'
25%
Couplet 1,5 J'
25%
Couplet 2 J'
25%
Couplet 1,5 Je
25%
Couplet 1,5 Je
25%
Couplet 2 Je
25%
Couplet 2,5 Je
25%
Couplet 2 l'
25%
Couplet 1 la
25%
Couplet 1 la
25%
Couplet 2 la
25%
Couplet 2 lame
25%
Couplet 1 le
25%
Couplet 1,5 le
25%
Couplet 1 les
25%
Couplet 1 les
25%
Couplet 1 mal
25%
Couplet 1,5 marin
25%
Couplet 1,5 matin
25%
Couplet 1,5 me
25%
Couplet 1,5 n'
25%
Couplet 1 nuit
25%
Couplet 1 Oui
25%
Couplet 1,5 Oui
25%
Couplet 1 ouvrirai
25%
Couplet 2 peau
25%
Couplet 1 Pour
25%
Couplet 1 pour
25%
Couplet 1,5 pour
25%
Couplet 1 que
25%
Couplet 1,5 que
25%
Couplet 1,5 quoi
25%
Couplet 1 rien
25%
Couplet 1,5 rien
25%
Couplet 1,5 si
25%
Couplet 1,5 sourire
25%
Couplet 2 sur
25%
Couplet 1,5 t'
25%
Couplet 2 t'
25%
Couplet 2 ta
25%
Couplet 1,5 temps
25%
Couplet 1 toi
25%
Couplet 1 toi
25%
Couplet 1,5 toi
25%
Couplet 1,5 ton
25%
Couplet 2 ton
25%
Couplet 1 tracerai
25%
Couplet 1,5 tu
25%
Couplet 1,5 un
25%
Couplet 2 un
25%
Couplet 1 vie
25%
Couplet 2,5 battrai
0%
Couplet 2,5 blessures
0%
Couplet 2,5 brûlure
0%
Couplet 2 ça
0%
Couplet 2 Comme
0%
Couplet 2,5 comme
0%
Couplet 2,5 cracherai
0%
Couplet 2,5 effacer
0%
Couplet 2,5 fait
0%
Couplet 2,5 J'
0%
Couplet 2,5 l'
0%
Couplet 2,5 la
0%
Couplet 2,5 me
0%
Couplet 2,5 mort
0%
Couplet 2,5 on
0%
Couplet 2 Oui
0%
Couplet 2,5 Oui
0%
Couplet 2 pour
0%
Couplet 2,5 pour
0%
Couplet 2,5 pour
0%
Couplet 2,5 pour
0%
Couplet 2 que
0%
Couplet 2,5 que
0%
Couplet 2 rien
0%
Couplet 2,5 rien
0%
Couplet 2,5 sa
0%
Couplet 2,5 Si
0%
Couplet 2,5 souffrir
0%
Couplet 2,5 te
0%
Couplet 2,5 tes
0%
Couplet 2 toi
0%
Couplet 2,5 toi
0%
Couplet 2,5 toi
0%
Couplet 2,5 un
0%
Couplet 2,5 volcan
0%
Aucun quiz correspondant
Distribution des résultats
% des personnes avec chaque résultat
Percentile par nombre de réponses
Votre historique - résultats
Vous n’avez pas pris ce quiz